Cities and Villages of Milwaukee County, WI - Statistics

General Stats
  • This quiz has been taken 65 times
  • The average score is 12 of 19
Answer Stats
Answer % Correct
Milwaukee
85%
Whitefish Bay
79%
Wauwatosa
77%
West Allis
77%
Glendale
72%
South Milwaukee
72%
Greenfield
68%
Oak Creek
68%
Shorewood
66%
Cudahy
64%
Franklin
62%
Greendale
60%
West Milwaukee
60%
Saint Francis
53%
Hales Corners
49%
Fox Point
47%
Brown Deer
45%
Bayside
36%
River Hills
26%
No matching quizzes found
Score Distribution
Percent of People with Each Score
Percentile by Number Answered
Your Score History
You have not taken this quiz